The princess bride / directed by Rob Reiner.
Heartbroken over the death of her beloved Westley, beautiful Buttercup finally succumbs to the advances of the wicked Prince Humperdinck. Yet, when she's suddenly kidnapped by a motley band of deviants, what gallant hero comes to the rescue? None other than Westley-- alive, well and as wonderful as ever. But before these two can live happily ever after, they must first overcome formidable odds. Will these star-crossed lovers ever fulfill their destiny? Or, this time, will Buttercup lose Westley forever?
Record details
- Physical Description: 2 videodiscs : sound, color ; 4 3/4 in.
- Publisher: Beverly Hills, CA : Twentieth Century Fox Home Entertainment, [2008]
Content descriptions
| General Note: | Act III Communications ; screenplay by William Goldman ; produced by Andrew Scheinman and Rob Reiner. Title from disc. The Blu-ray disc will not play in standard DVD players. Disc one, blu-ray includes full-length film in high definition, audio commentaries, featurettes and video diary from Cary Elwes. Disc two includes: full-length film, featurettes. Originally produced as a motion picture in 1987. |
| Creation/Production Credits Note: | Music by Mark Knopfler. |
| Participant or Performer Note: | Cary Elwes, Mandy Patinkin, Chris Sarandon, Christopher Guest, Wallace Shawn, Andre the Giant, Robin Wright, Peter Falk, Carol Kane, Billy Crystal. |
| Target Audience Note: | MPAA rating: PG. |
| System Details Note: | DVD; and Blu-ray disc, widescreen (1.85.1). |
Search for related items by subject
| Subject: | Fairy tales > Drama. Princesses > Drama. Princes > Drama. Love > Drama. Kidnapping > Drama. Action and adventure films. |
| Genre: | Blu-Ray discs. DVDs. Feature films. Fantasy films. Fiction films. Romance films. Comedy films. Video recordings for the hearing impaired. |
Available copies
- 1 of 1 copy available at scottsboropl.
Holds
- 0 current holds with 1 total copy.
Show Only Available Copies
| Location | Call Number / Copy Notes | Barcode | Shelving Location | Status | Due Date |
|---|---|---|---|---|---|
| scottsboropl | Blu-Ray Pri | 32269001005209 | Adult - DVD | Available | - |
| LDR | 03293cgm a2200709Ka 4500 | ||
|---|---|---|---|
| 001 | 143375 | ||
| 003 | CONS | ||
| 005 | 20170518140142.0 | ||
| 007 | vd cvaizk | ||
| 008 | 090609s2008 cau--- g vleng d | ||
| 024 | 1 | 0. | ‡a027616066848 ‡d50 |
| 028 | 4 | 2. | ‡aMGM106686B ‡bTwentieth Century Fox Home Entertainment |
| 035 | . | ‡a(CPomAG)LMN599784 | |
| 082 | 0 | 4. | ‡a791.43/72 ‡222 |
| 245 | 1 | 4. | ‡aThe princess bride / ‡cdirected by Rob Reiner. |
| 260 | . | ‡aBeverly Hills, CA : ‡bTwentieth Century Fox Home Entertainment, ‡c[2008] | |
| 300 | . | ‡a2 videodiscs : ‡bsound, color ; ‡c4 3/4 in. | |
| 336 | . | ‡atwo-dimensional moving image ‡btdi ‡2rdacontent | |
| 337 | . | ‡avideo ‡bv ‡2rdamedia | |
| 338 | . | ‡avideodisc ‡bvd ‡2rdacarrier | |
| 500 | . | ‡aAct III Communications ; screenplay by William Goldman ; produced by Andrew Scheinman and Rob Reiner. | |
| 500 | . | ‡aTitle from disc. | |
| 500 | . | ‡aThe Blu-ray disc will not play in standard DVD players. | |
| 500 | . | ‡aDisc one, blu-ray includes full-length film in high definition, audio commentaries, featurettes and video diary from Cary Elwes. | |
| 500 | . | ‡aDisc two includes: full-length film, featurettes. | |
| 500 | . | ‡aOriginally produced as a motion picture in 1987. | |
| 508 | . | ‡aMusic by Mark Knopfler. | |
| 511 | 1 | . | ‡aCary Elwes, Mandy Patinkin, Chris Sarandon, Christopher Guest, Wallace Shawn, Andre the Giant, Robin Wright, Peter Falk, Carol Kane, Billy Crystal. |
| 520 | . | ‡aHeartbroken over the death of her beloved Westley, beautiful Buttercup finally succumbs to the advances of the wicked Prince Humperdinck. Yet, when she's suddenly kidnapped by a motley band of deviants, what gallant hero comes to the rescue? None other than Westley-- alive, well and as wonderful as ever. But before these two can live happily ever after, they must first overcome formidable odds. Will these star-crossed lovers ever fulfill their destiny? Or, this time, will Buttercup lose Westley forever? | |
| 521 | 8 | . | ‡aMPAA rating: PG. |
| 538 | . | ‡aDVD; and Blu-ray disc, widescreen (1.85.1). | |
| 650 | 0. | ‡aFairy tales ‡vDrama. | |
| 650 | 0. | ‡aPrincesses ‡vDrama. | |
| 650 | 0. | ‡aPrinces ‡vDrama. | |
| 650 | 0. | ‡aLove ‡vDrama. | |
| 650 | 0. | ‡aKidnapping ‡vDrama. | |
| 650 | 0. | ‡aAction and adventure films. | |
| 655 | 0. | ‡aBlu-Ray discs. | |
| 655 | 0. | ‡aDVDs. | |
| 655 | 7. | ‡aFeature films. ‡2lcgft | |
| 655 | 7. | ‡aFantasy films. ‡2lcgft | |
| 655 | 7. | ‡aFiction films. ‡2lcgft | |
| 655 | 7. | ‡aRomance films. ‡2lcgft | |
| 655 | 7. | ‡aComedy films. ‡2lcgft | |
| 655 | 7. | ‡aVideo recordings for the hearing impaired. ‡2lcgft | |
| 700 | 1 | . | ‡aGoldman, William, ‡d1931- |
| 700 | 1 | . | ‡aScheinman, Andrew. |
| 700 | 1 | . | ‡aElwes, Cary, ‡d1962- ‡4act |
| 700 | 1 | . | ‡aPatinkin, Mandy. ‡4act |
| 700 | 1 | . | ‡aSarandon, Chris. |
| 700 | 1 | . | ‡aGuest, Christopher. |
| 700 | 1 | . | ‡aShawn, Wallace. ‡4act |
| 700 | 0 | . | ‡aAndre, ‡cthe Giant, ‡d1946-1993. ‡4act |
| 700 | 1 | . | ‡aWright, Robin, ‡d1966- ‡4act |
| 700 | 1 | . | ‡aFalk, Peter, ‡d1927-2011. ‡4act |
| 700 | 1 | . | ‡aKane, Carol, ‡d1952- ‡4act |
| 700 | 1 | . | ‡aCrystal, Billy. ‡4act |
| 710 | 2 | . | ‡aAct III Communications. |
| 710 | 2 | . | ‡aTwentieth Century Fox Home Entertainment, Inc. |
| 730 | 0 | . | ‡aPrincess bride (Motion picture) |
| 959 | . | ‡i32269001005209 ‡lDVD Pri ‡aAdult - DVD ‡tDVD ‡g25.00 | |
| 852 | . | ‡p32269001005209 ‡jDVD Pri ‡gAdult - DVD ‡cDVD ‡y25.00 ‡bSBPL | |
| 901 | . | ‡a143375 ‡bUnknown ‡c143375 ‡tbiblio | |